Statistics for April 21st: Birthdays

Click here to take the quiz!

General Stats

  • This quiz has been taken 17 times
  • The average score is 3 of 7

Answer Stats

YearClueAnswer% Correct
1926Queen of UKElizabeth II
94%
1816Novelist, part of famous author siblingsCharlotte Bronte
65%
1729Empress of RussiaCatherine the Great
53%
1959Member of rock band The CureRobert Smith
41%
1947Made album Zombie BirdhouseIggy Pop
12%
1838Discovered glaciers in the High SierrasJohn Muir
12%
1936Ice Hockey player with Olympic GoldBob Cleary
0%

Score Distribution

Percentile by Number Answered

Percent of People with Each Score

Your Score History

You have not taken this quiz